000 00293nam a22001337a 4500
008 170609b xxu||||| |||| 00| 0 eng d
020 _a9781570750106
041 _aeng
080 _a94(7/8)
100 _a17
101 _aSHH
245 _aNONVIOLENCE IN AMERICA
_cLYND,S
942 _2udc
_cBK
999 _c16614
_d16614